[Event "Wch U14"]
[White "Flesch, Lucas Henrique Ye"]
[Black "Cheng, Yu Chen"]
[Site "Florianopolis"]
[Round "7"]
[Result "1/2-1/2"]
[Date "2024.11.05"]
[WhiteElo "1766"]
[BlackElo "1583"]
[PlyCount "74"]
[EventDate "2024.10.29"]
[EventType "swiss"]
[EventRounds "11"]
[EventCountry "BRA"]
[SourceTitle "CB45_2024"]
[Source "ChessBase"]
[SourceDate "2024.11.06"]
[SourceVersion "1"]
[SourceVersionDate "2024.11.06"]
[SourceQuality "1"]

1. e4 c5 2. Nf3 d6 3. Bb5+ Nd7 4. c3 Ngf6 5. Qe2 a6 6. Ba4 b5 7. Bc2 Bb7 8. d4 cxd4 9. cxd4 e5 10. 0-0 Qc7 11. Bg5 h6 12. Bh4 Rc8 13. Bd3 Nh5 14. Bg3 Nxg3 15. hxg3 Be7 16. Nbd2 0-0 17. Nb3 Bf6 18. Rac1 Qb6 19. Qe3 d5 20. Rxc8 Rxc8 21. Re1 dxe4 22. Bxe4 Bxe4 23. Qxe4 exd4 24. Nfxd4 Nc5 25. Qf5 Rd8 26. Nxc5 Bxd4 27. Nd3 g6 28. Qe4 Qd6 29. Rd1 Qf6 30. Qe2 Bb6 31. Qe4 Kg7 32. Rc1 Qd4 33. Qxd4+ Bxd4 34. b3 Rd6 35. Nb4 a5 36. Nc6 Bb6 37. Rc2 Rf6 1/2-1/2

[Event "Wch U14"]
[White "Altenhofen, Guilherme Graneto"]
[Black "Cheng, Yu Chen"]
[Site "Florianopolis"]
[Round "5"]
[Result "1/2-1/2"]
[Date "2024.11.02"]
[WhiteElo "1733"]
[BlackElo "1583"]
[PlyCount "88"]
[EventDate "2024.10.29"]
[EventType "swiss"]
[EventRounds "11"]
[EventCountry "BRA"]
[SourceTitle "CB45_2024"]
[Source "ChessBase"]
[SourceDate "2024.11.06"]
[SourceVersion "1"]
[SourceVersionDate "2024.11.06"]
[SourceQuality "1"]

1. e4 c5 2. Nf3 d6 3. d4 cxd4 4. Nxd4 Nf6 5. Nc3 g6 6. Be3 Bg7 7. f3 0-0 8. Qd2 Nc6 9. 0-0-0 d5 10. exd5 Nxd5 11. Nxc6 bxc6 12. Bd4 e5 13. Bc5 Be6 14. Bxf8 Qxf8 15. g4 Rb8 16. Ne4 Nb4 17. a3 Na2+ 18. Kb1 Qxa3 19. Qd8+ Qf8 20. Qxf8+ Kxf8 21. b3 Nb4 22. Ng5 Bd5 23. Bd3 h6 24. Ne4 f5 25. gxf5 gxf5 26. Nd2 Nxd3 27. cxd3 a5 28. Kc2 Kf7 29. Rhf1 Rb5 30. Nc4 Ke6 31. Rde1 Bf6 32. Rb1 Kd7 33. Ne3 Be6 34. Rg1 Rc5+ 35. Nc4 Bd5 36. Rg6 Bg5 37. h4 Bf4 38. Rf1 Ke7 39. Kc3 Kf7 40. Rg2 Kf6 41. Kb2 Rb5 42. Ka3 c5 43. Ka2 Rb4 44. Ka3 Rb5 1/2-1/2

[Event "Wch U14"]
[White "Cheng, Yu Chen"]
[Black "Durovka, Marek"]
[Site "Florianopolis"]
[Round "2"]
[Result "0-1"]
[Date "2024.10.30"]
[WhiteElo "1583"]
[BlackElo "1779"]
[PlyCount "58"]
[EventDate "2024.10.29"]
[EventType "swiss"]
[EventRounds "11"]
[EventCountry "BRA"]
[SourceTitle "CB45_2024"]
[Source "ChessBase"]
[SourceDate "2024.11.06"]
[SourceVersion "1"]
[SourceVersionDate "2024.11.06"]
[SourceQuality "1"]

1. e4 c5 2. Nf3 d6 3. d4 cxd4 4. Nxd4 Nf6 5. Nc3 Nc6 6. Be3 Ng4 7. Nxc6 bxc6 8. Qd2 Nxe3 9. Qxe3 e5 10. Bc4 Be7 11. Ne2 0-0 12. Rd1 Qc7 13. 0-0 Kh8 14. Ng3 f5 15. Nxf5 Bxf5 16. exf5 d5 17. Bb3 Rxf5 18. c4 d4 19. Qh3 Rf6 20. Rfe1 Raf8 21. Bc2 Rh6 22. Qg3 Bh4 23. Qa3 Bxf2+ 24. Kh1 c5 25. Rf1 e4 26. h3 e3 27. Rxd4 e2 28. Qd3 exf1Q+ 29. Qxf1 cxd4 0-1